000 01026cab a2200229 4500
001 WB3318-01
008 090401t1997 xxu||||| |||| 00| 0 eng d
035 _a(Sirsi) u78248
041 _aeng
245 _aMinister urged to review act details
260 _c1997
350 _a0
490 _aBuilding
_v262(7989) 9 May 1997, 9(1)
520 _aThe Construction Industry Council has urged new construction Minister, to review the final version of secondary legislation backing the Construction Act because of continuing fears that its adjudication procedures will penalise small firms.
650 _aMANAGEMENT-DISPUTE AVOIDANCE, MANAGEMENT AND RESOLUTION-DISPUTE MANAGEMENT AND RESOLUTION-ALTERNATIVE DISPUTE RESOLUTION-ADJUDICATION
650 _aCONSTRUCTION BILL
650 _aCONSTRUCTION INDUSTRY COUNCIL
650 _aSCHEME FOR CONSTRUCTION CONTRACTS
690 _aMANAGEMENT-DISPUTE AVOIDANCE, MANAGEMENT AND RESOLUTION-DISPUTE MANAGEMENT AND RESOLUTION-ARBITRATION
942 _n0
948 _c08/05/1997
999 _c49250
_d49250